000
00323nam a2200157Ia 4500
100
_a
Gajjar/Dhiren
490
_v
2
942
_c
BK
654
_a
mathematics
245
_a
Applied Mathematics
260
_b
Students book depot
_a
Pune
_c
1984
082
_a
519
_b
GAJ
300
_a
304
546
_a
ENGLISH
999
_c
32516
_d
32516